كتاب مفاتيح العلوم / (Record no. 7494)

MARC details
000 -الفاتح
حقل البيانات ثابتة الطول 01240nac a22002891i 4500
003 - محدد رقم الضبط
رقم الضبط EG-ScBUE
005 - وقت وتاريخ اخر تعامل مع التسجيلة
رقم الضبط 20250917140621.0
008 - عناصر البيانات ثابتة الطول - معلومات عامة
حقل البيانات ثابتة الطول 101110s2004 ua f b 000 0 ara d
017 ## - رقم الإيداع القانونى
رقم الإيداع القانونى 8565 / 2004
020 ## - الرقم الدولى المعيارى للكتب
الرقم الدولى المعيارى للكتاب 9773057364
040 ## - مصدر الفهرسة
وكالة الفهرسة الأصلية EG-ScBUE
لغة الفهرسة ara
قواعد الوصف rda
وكالة النسخ EG-ScBUE
وكالة التعديل EG-ScBUE
082 04 - رقم تصنيف ديوى العشرى
رقم التصنيف 501.2
رقم المادة خ و ا
رقم الطبعة 22
100 1# - المدخل الرئيسى - إسم شخصى
الإسم الشخصى الخوارزمي ، محمد بن أحمد بن يوسف
9 (RLIN) 21105
245 10 - بيان العنوان
العنوان كتاب مفاتيح العلوم /
بيان المسئوليه,etc تأليف أبي عبد الله محمد بن أحمد بن يوسف الخوارزمي الكاتب رحمه الله ؛ تحقيق فان فلوتن ؛ قدم هذه الطبعة د. محمد حسن عبد العزيز
264 #1 - النشر، التوزيع
مكان الناشر او الموزع القاهرة :
اسم الناشر او الموزع الهيئة العامة لقصور الثقافة ،
تاريخ النشر أو التوزيع 2004.
300 ## - الوصف المادى
التعداد 328 صفحة ؛
أبعاد الوعاء 24 سم.
336 ## - نوع المحتوى
source rdacontent
Carrier Type Term نص
Content Type Code txt
337 ## - نوع الوسيط
Media Type Term بدون وسيط
source rdamedia
Media Type Code n
338 ## - نوع الحامل أو الناقل
Carrier Type Term مجلد
Carrier Type Code nc
source rdacarrier
490 0# - بيان السلسلة
عنوان السلسلة الذخائر ؛
رقم المجلد/ التعيين التسلسلي 118
504 ## - تبصرة ببليوجرافية
تبصرة ببليوجرافية,الخ يشتمل على إرجاعات ببليوجرافية
650 #7 - المدخل الاضافى بالموضوع-مصطلح موضوعى
مصطلح موضوعي أو اسم جغرافي كعنصر مدخل العلوم
9 (RLIN) 21544
655 ## - مصطلح تكشيفى-نوع/شكل
التقسيم الفرعي الشكلي Reading book
700 1# - المدخل الاضافى - اسم شخصى
الإسم الشخصى فلوتن، فان،
الدور محقق
700 1# - المدخل الاضافى - اسم شخصى
الإسم الشخصى عبد العزيز، محمد حسن،
الدور مقدم
942 ## - عناصر المدخل الإضافي( كوها)
Koha [default] item type Book - Borrowing
مصدر التصنيف او مخطط الترفيف Dewey Decimal Classification
Holdings
حالة التراجع حالة الفقد مصدر التصنيف او خطة الترفيف حالة تلف ليس للاعارة مجموعات كوها المكان الدائم المكان الحالي موقع الترفيف تاريخ الاكتساب Source of acquisition رقم الاستدعاء الباركود Date last seen مُعار نوع الوعاء
    Dewey Decimal Classification     Alef-Baa Central Library Central Library First floor 19/12/2010   501.2 خ و ا 000008905 17/09/2025 13/07/2025 Book - Borrowing